Design And Modeling Of Z Source Inverter with The Novel Implementation Of Modified modulating Signal And Shoot Through control Strategies (Record no. 233647)

MARC details
000 -LEADER
fixed length control field 00861nam a2200145Ia 4500
008 - FIXED-LENGTH DATA ELEMENTS--GENERAL INFORMATION
fixed length control field 231221s9999 xx 000 0 und d
041 ## - LANGUAGE CODE
Language code of text/sound track or separate title English
082 ## - DEWEY DECIMAL CLASSIFICATION NUMBER
Classification number CPEE15-1112
100 ## - MAIN ENTRY--PERSONAL NAME
Personal name Divya, S. Prasanna Kumar. Ambika, G Dath.
245 #0 - TITLE STATEMENT
Title Design And Modeling Of Z Source Inverter with The Novel Implementation Of Modified modulating Signal And Shoot Through control Strategies
260 ## - PUBLICATION, DISTRIBUTION, ETC.
Date of publication, distribution, etc. 2015
500 ## - GENERAL NOTE
General note Design And Modeling Of Z Source Inverter with The Novel Implementation Of Modified modulating Signal And Shoot Through control Strategies Divya. S, Prasanna Kumar. C, Ambika. G. Dath Department of Electrical & Electronics Engineering, PES University, Bangalore . Micheal Faraday IET International Summit, MFIIS, 2015, Sept 12-13, 2015.
650 ## - SUBJECT ADDED ENTRY--TOPICAL TERM
Topical term or geographic name entry element Modeling,Z,Source,Inverter,Novel,Modified,modulating,Shoot,control,Strategies
942 ## - ADDED ENTRY ELEMENTS (KOHA)
Koha item type Institutional repository
Holdings
Date last seen Total checkouts Full call number Accession number Price effective from Category Lost status Damaged status Department Withdrawn status Home library Current library Shelving location Entry date Grants Currency symbol Conversion rate Discount Old discount
26/01/2024   CPEE15-1112 IR1112 26/01/2024 Institutional repository     EE   Central Library Central Library Central Library   EE RS 1    

© For any Suggestions or Query, please contact the library staff @ librarian@pes.edu or Phone: +9180 2672 1983/ 2108.